[Event "POL-chT blind"]
[Site "Wagrowiec"]
[Date "2016.11.12"]
[Round "2.1"]
[White "Walczak, Lucjan"]
[Black "Huzarski, Stanislaw"]
[Result "1-0"]
[WhiteElo "1842"]
[BlackElo "1806"]
[PlyCount "105"]
[EventDate "2016.11.11"]
[EventType "team-tourn"]
[EventRounds "9"]
[EventCountry "POL"]
[SourceTitle "EXT 2019"]
[Source "ChessBase"]
[SourceDate "2018.10.10"]
[SourceVersion "1"]
[SourceVersionDate "2018.10.10"]
[SourceQuality "1"]

1. e4 e6 2. d3 c5 3. Nc3 Nc6 4. g3 d5 5. exd5 exd5 6. Bg2 Nf6 7. Bg5 Be6 8. Nge2 Be7 9. Nf4 0-0 10. 0-0 d4 11. Bxf6 Bxf6 12. Ne4 Be7 13. Nxe6 fxe6 14. Qg4 Rf5 15. Qe2 Qf8 16. Bh3 Re8 17. Qd1 Ne5 18. f4 Ng6 19. Bxf5 exf5 20. Nd2 b5 21. a4 b4 22. Nc4 Bf6 23. Qf3 Ne7 24. Rfe1 Rd8 25. Re2 Nd5 26. Kh1 g5 27. Rae1 g4 28. Qg2 h5 29. h4 b3 30. cxb3 Nb4 31. Rd2 Re8 32. Rde2 Rd8 33. Rd1 Re8 34. Ne5 Bxe5 35. Rxe5 Rxe5 36. fxe5 Qe7 37. Qa8+ Kg7 38. Qb8 f4 39. Qd6 Kf7 40. Qxe7+ Kxe7 41. gxf4 Ke6 42. Kg2 Nd5 43. Kg3 Ne3 44. Rc1 Kd5 45. Kf2 a5 46. Re1 Nf5 47. e6 Kd6 48. Re5 g3+ 49. Kg1 Ne7 50. Kg2 Ng6 51. Kxg3 Nxe5 52. fxe5+ Kxe6 53. Kf4 1-0